The function of the library in the modern college (Record no. 44091)

MARC details
000 -LEADER
fixed length control field 00631nam a2200157 a 4500
008 - FIXED-LENGTH DATA ELEMENTS--GENERAL INFORMATION
fixed length control field 120416s0000 ||||||||||||||||| || u
020 ## - INTERNATIONAL STANDARD BOOK NUMBER
International Standard Book Number 0226275558
050 ## - LIBRARY OF CONGRESS CALL NUMBER
Classification number Z 675.U5 Ann
100 ## - MAIN ENTRY--PERSONAL NAME
Personal name Fussler, Herman H
245 14 - TITLE STATEMENT
Title The function of the library in the modern college
Statement of responsibility, etc. edited by Herman H. Fussler
246 ## - VARYING FORM OF TITLE
Title proper/short title Annual Conference of the Graduate Library School
260 ## - PUBLICATION, DISTRIBUTION, ETC.
Place of publication, distribution, etc. Chicago
Name of publisher, distributor, etc. The University of Chicago Press
Date of publication, distribution, etc. 1954
300 ## - PHYSICAL DESCRIPTION
Extent vii, 117p.
350 ## - PRICE (NR) (BK AM CF MU VM SE) [OBSOLETE]
Price 0.00
995 ## - RECOMMENDATION 995 [LOCAL, UNIMARC FRANCE]
-- 0.00
-- CBU-MAIN LIBRARY (Kitwe)
-- 1
-- 4.90
-- 1
-- AVAILABLE
-- Annex Low-Usage Collection
Holdings
Withdrawn status Lost status Source of classification or shelving scheme Damaged status Not for loan Home library Current library Shelving location Date acquired Total Checkouts Full call number Barcode Date last seen Price effective from Koha item type
          CBU-MAIN LIBRARY, KITWE. CBU-MAIN LIBRARY, KITWE.   11/30/2022   Z 675.U5 Ann 017491 11/30/2022 11/30/2022 MONOGRAPH